000 00954nam a2200241Ia 4500
003 OSt
005 20220106113210.0
008 191128t1999 ck er 000 1 spa d
020 _a9583001341
040 _aCO-JMCR
_cCO-JMCR
082 0 4 _aT /
_bROJc3
_223
100 1 _aRojas, Fernando de,
_eautor
_99662
245 1 3 _aLa celestina /
_cFernando de Rojas
250 _aSexta edición
260 _aBogotá :
_bPanamericana,
_c©1999.
300 _a254 páginas ;
_c20 cm.
500 _aIncluye cronología y notas a pie de página.
520 _aCon el propósito de que los más jóvenes puedan gozar de la lectura de La Celestina, Eduardo Alonso ha preparado la presente adaptación de la obra, que salva las dificultades lingüísticas del original y le infunde a la trama más agilidad.
650 1 4 _aTeatro español
_99663
_ySiglo XV
650 2 4 _aTragicomedia española
_ySiglo XV
_941851
650 2 4 _aDrama español
_912123
942 _2ddc
_cBK
999 _c3281
_d3281